Country Minus Capital III Quiz Stats

Quiz not verified by Sporcle

Challenge
Share
Tweet
Eg: If the clue is 'Kzkh' then the answer would be 'Kazakhstan'. Because the letters from its capital, 'Astana' have been taken away. (A capital letter indicates the beginning of a country's name or a new word in a country's name)
Score 0/30 Timer 05:00
0 Plays Today
Clue Country % Correct
ZmbiZambia
97.1%
FnceFrance
95.6%
NicrNicaragua
94.1%
CabdiaCambodia
94.1%
rth KreNorth Korea
94.1%
PaauPalau
92.6%
Brkin FsBurkina Faso
92.6%
Ct RicCosta Rica
92.6%
RuiaRussia
86.8%
ypruCyprus
85.3%
CndCanada
85.3%
OnOman
83.8%
MmrMyanmar
83.8%
BhmBahamas
82.4%
SuneSuriname
79.4%
Clue Country % Correct
divsMaldives
75%
TgTonga/Togo
75%
Suh fcSouth Africa
73.5%
dd d bgTrinidad and Tobago
72.1%
clndIceland
66.2%
ChChad
55.9%
MriiMauritania
54.4%
CsComoros
48.5%
EEl Salvador
45.6%
nuuVanuatu
44.1%
Su bSaudi Arabia
32.4%
MaMauritius
29.4%
BeiBenin
29.4%
goAngola
22.1%
grNiger
20.6%

You're not logged in!

Compare scores with friends on all Sporcle quizzes.
Join for Free
OR
Log In

You Might Also Like...

Show Comments

Extras

Created Jan 7, 2012ReportNominate
Tags:Capital Quiz, Country Quiz, mind

Top Quizzes Today


Score Distribution

Your Account Isn't Verified!

In order to create a playlist on Sporcle, you need to verify the email address you used during registration. Go to your Sporcle Settings to finish the process.

Report this User

Report this user for behavior that violates our Community Guidelines.

Details: